Famous People and Characters with Forrest Gump by Picture - Statistics

General Stats
  • This quiz has been taken 241 times
  • The average score is 7 of 9
Answer Stats
Picture Answer % Correct
John F. Kennedy
99%
John Lennon
95%
Richard Nixon
92%
Elvis Presley
88%
Lyndon B. Johnson
77%
Bubba
68%
Jenny
67%
Lieutenant Dan Taylor
62%
Abbie Hoffman
13%
No matching quizzes found
Score Distribution
Percent of People with Each Score
Percentile by Number Answered
Your Score History
You have not taken this quiz